00454nam a2200169Ia 4500003000400000005001700004008004100021020001800062040000900080082001900089100002300108245005500131250001200186260006400198300000900262650001300271OSt20201009103047.0190216s9999||||xx |||||||||||||| ||und|| a9780070222946 coclc a005.432bPET/L aPetersen, Richard  0aLinux : The Complete Reference /cRichard Petersen a6th Ed. bTata Mcgraw Hill Publishing Company Ltd,c2011.aNew Delhi: a838p aComputer